| 000 | 01556cam a22002054a 4500 | ||
|---|---|---|---|
| 005 | 20250605164111.0 | ||
| 008 | 250528s ||||||||||||||||||||||||d | ||
| 035 | _a17901 | ||
| 020 | _a53880775 | ||
| 040 |
_aGR-AtMCL _bgre _dGR-AtMCL _eAACR2 |
||
| 245 | 1 | _aStrategy! / A Business Unit Simulation: Second Edition | |
| 250 | _a2nd | ||
| 260 |
_bSouth-Western Publishing Co, _c1992 |
||
| 300 | _a182 | ||
| 520 | _aThis book challenges you to think beyond the daily operations of business to analyze and manage strategic business issues. Overview of this Manual, Quick Reference Guide, Introduction to Strategy, Concept of Strategy Simulation, The Decision Making Cycle, Importance of Organizing Your Team, Advice from Those Who Have Gone Before, Introduction to Industries, How to Read the Enviro Scan Reports, Inter-Industry Relationships, Cost of Creating SBUs in Each Industry, Your Management Team, Organizing Your Management Team, Managing Your Team Effectively, The Strategy Planner, Performance Evaluations, The Decision Disk, A Note about Disk Handling, Introduction to the Decision Disk, Description of Main Menu Items, Developing Portfolio-Level Strategies, Establishing a Corporate Mission, Strength and Weakness and Opportunity and Threat (SWOT) Analysis, Turnaround Strategies, Developing Portfolio-Level Strategies, Budgeting SBUS and Business-Level Strategies, The Budgeting Procedure, SBU Strategies, Cash Account Management, Appendices. | ||
| 700 | 1 |
_aPriesmeyer Richard H _94202 |
|
| 942 | _cBK | ||
| 999 |
_c3300 _d3300 |
||